书目信息 |
| 题名: |
贫富论
|
|
| 作者: | 樊勇 著 | |
| 分册: | ||
| 出版信息: | 北京 人民出版社 2006 |
|
| 页数: | 258页 | |
| 开本: | 21cm | |
| 丛书名: | ||
| 单 册: | ||
| 中图分类: | F014.4 | |
| 科图分类: | ||
| 主题词: | 国民收入分配--研究--中国 , 国民收入分配 , 政治经济学--概论 | |
| 电子资源: | ||
| ISBN: | 7-01-005772-9 | |
| 000 | 00776nam0 2200241 450 | |
| 001 | 1260206843 | |
| 005 | 20121003164447.58 | |
| 010 | @a7-01-005772-9@dCNY20.00 | |
| 100 | @a20070328d2006 em y0chiy50 ea | |
| 101 | 0 | @achi |
| 102 | @aCN@b110000 | |
| 105 | @ay z 000yy | |
| 200 | 1 | @a贫富论@Apin fu lun@e唯物史观视角@f樊勇著 |
| 210 | @a北京@c人民出版社@d2006 | |
| 215 | @a258页@d21cm | |
| 330 | @a本书阐释了社会生活物质及精神诸要素对贫富问题的影响,剖析了贫富问题的根源和实质,梳理了中国传统文化中的贫富思想,概括了当代中国辩证的贫富观念。 | |
| 606 | 0 | @a国民收入分配@x研究@y中国 |
| 606 | 0 | @a国民收入分配 |
| 606 | 0 | @a政治经济学@x概论 |
| 690 | @aF014.4@v4 | |
| 701 | 0 | @a樊勇@Afan yong@f(1963~)@4著 |
| 801 | 0 | @aCN@bNLC@c20101222 |
| 905 | @a10447@dF014.4@eJY128 | |
| 贫富论:唯物史观视角/樊勇著.-北京:人民出版社,2006 |
| 258页;21cm |
| ISBN 7-01-005772-9:CNY20.00 |
| 本书阐释了社会生活物质及精神诸要素对贫富问题的影响,剖析了贫富问题的根源和实质,梳理了中国传统文化中的贫富思想,概括了当代中国辩证的贫富观念。 |
| ● |
| 相关链接 |
|
|
|
|
正题名:贫富论
索取号:F014.4/JY128
 
预约/预借
| 序号 | 登录号 | 条形码 | 馆藏地/架位号 | 状态 | 备注 |
| 1 | 7813372 | 278133725 | 学院路分馆/ [索取号:F014.4/JY128] | 在馆 | |
| 2 | 7813373 | 278133734 | 学院路分馆/ [索取号:F014.4/JY128] | 在馆 |